El problema de nuestras fronteras en el Norte: Tacna y Arica. Por Pedro Pablo Figueroa. Conferencia leída en la Velada de la Asociación de la Prensa, el Domingo 1§ de abril de 1900
I tiakina i:
| Kaituhi matua: | |
|---|---|
| Hōputu: | Pukapuka |
| Reo: | Pāniora |
| I whakaputaina: |
Santiago
Imprenta, Litografía y Encuadernación Barcelona
1900
|
| Putanga: | 1a. ed |
| Rangatū: | Cuestiones internacionales
|
| Ngā marau: | |
| Ngā Tūtohu: |
Tāpirihia he Tūtohu
Kāore He Tūtohu, Me noho koe te mea tuatahi ki te tūtohu i tēnei pūkete!
|
MARC
| LEADER | 00000nam a2200000 a 4500 | ||
|---|---|---|---|
| 001 | UCJ5210 | ||
| 003 | CL-VaPUC | ||
| 008 | 070124e19000401CL |||||||||||||||||spa|d | ||
| 082 | 0 | 4 | |a 983 |b FIG |2 21 |
| 100 | 0 | |a Figueroa, Pedro Pablo |e author |9 504749 | |
| 245 | 1 | 3 | |a El problema de nuestras fronteras en el Norte: Tacna y Arica. Por Pedro Pablo Figueroa. Conferencia leída en la Velada de la Asociación de la Prensa, el Domingo 1§ de abril de 1900 |
| 250 | |a 1a. ed | ||
| 300 | |a 30 p | ||
| 942 | |c BK | ||
| 945 | |d 20070124 00:00:00 |a rinostro | ||
| 260 | |a Santiago |b Imprenta, Litografía y Encuadernación Barcelona |c 1900 | ||
| 650 | 0 | |a Guerra del Pacífico |9 314886 | |
| 650 | 7 | |a LIMITES CON PERU |2 CL-VaPUC |9 504188 | |
| 650 | 0 | |a Límites con Argentina |9 504170 | |
| 650 | 0 | |a Historia de Chile |9 265473 | |
| 651 | 0 | |a Bolivia |9 255454 | |
| 651 | 0 | |a Argentina |9 254888 | |
| 651 | 0 | |a Perú |9 256567 | |
| 583 | |a last modification |c 20070124 00:00:00 |k Rodrigo Vera | ||
| 490 | 0 | |a Cuestiones internacionales | |
| 999 | |c 321323 |d 321321 | ||
| 952 | |0 0 |1 0 |4 0 |6 983_000000000000000_FIG_1900 |7 0 |8 X |9 400034 |a FDOBUD |b FDOBUD |d 2019-11-22 |i 1031252 |o 983 FIG 1900 |p 1031252 |r 2019-11-22 |w 2019-11-22 |y BK_X |k BUD | ||